[Event "Roncana op 4th"]
[Site "Santa Eulalia de Roncana"]
[Date "2010.10.23"]
[Round "4"]
[White "Viaplana Puigdomenech, Santi"]
[Black "Mostazo Torrubia, Rafael"]
[Result "1-0"]
[WhiteElo "1619"]
[BlackElo "1556"]
[PlyCount "156"]
[EventDate "2010.10.02"]
[EventType "swiss"]
[EventRounds "9"]
[EventCountry "ESP"]
[SourceTitle "EXT 2012"]
[Source "ChessBase"]
[SourceDate "2011.11.24"]
[SourceVersion "1"]
[SourceVersionDate "2011.11.24"]
[SourceQuality "1"]

1. e4 e5 2. Nf3 Nc6 3. Bc4 Nf6 4. Ng5 d5 5. exd5 Nxd5 6. Nxf7 Kxf7 7. Qf3+ Ke6 8. Nc3 Nce7 9. 0-0 c6 10. d4 Ng6 11. Re1 Qf6 12. Bxd5+ cxd5 13. Qxd5+ Ke7 14. dxe5 Qe6 15. Bg5+ Kf7 16. Qf3+ Kg8 17. Qg3 h6 18. Bd2 Be7 19. Nb5 Qf5 20. Nd4 Qg4 21. Qb3+ Kh7 22. Qd3 Rf8 23. h3 Qh4 24. Nf3 Qh5 25. Qe2 Nf4 26. Bxf4 Rxf4 27. Qe3 Rf8 28. e6 b6 29. Qe4+ Qf5 30. Qc6 Rb8 31. Qe4 Bb7 32. Qxf5+ Rxf5 33. Nd4 Rf6 34. Re2 Rd8 35. c3 Rd5 36. Rae1 Rc5 37. Re3 a6 38. b4 Rd5 39. a3 b5 40. Nf3 Rdf5 41. Rd1 Bxf3 42. gxf3 Rxf3 43. Rxf3 Rxf3 44. Rd7 Bf6 45. e7 Bxe7 46. Rxe7 Rxc3 47. Re3 Rc6 48. Kf1 h5 49. Ke2 Kh6 50. f4 h4 51. Kf3 Rg6 52. Kf2 Kh5 53. Re5+ Kh6 54. Re3 Rf6 55. Re4 g5 56. Kf3 Kh5 57. Rd4 gxf4 58. Rxf4 Rg6 59. Rf5+ Kh6 60. Kf4 Rg3 61. Rf6+ Rg6 62. Rxg6+ Kxg6 63. Kg4 Kh6 64. Kxh4 Kg6 65. Kg4 Kf6 66. Kf4 Ke6 67. Kg5 Kf7 68. h4 Kg7 69. h5 Kf7 70. Kf5 Kg7 71. Ke6 Kh6 72. Kd6 Kxh5 73. Kc6 Kg6 74. Kb6 Kf7 75. Kxa6 Ke8 76. Kxb5 Kd7 77. Kb6 Kc8 78. Ka7 Kc7 1-0